PEDOT nanotube arrays as high performing counter electrodes for dye sensitized solar cells. Study of the interactions among electrolytes and counter electrodes /
Đã lưu trong:
| 其他作者: | , , , , , , |
|---|---|
| 格式: | Bài viết |
| 語言: | English |
| 主題: | |
| 標簽: |
添加標簽
沒有標簽, 成為第一個標記此記錄!
|
| Thư viện lưu trữ: | Thư viện Trường Đại học Đà Lạt |
|---|
| LEADER | 01143nam a2200361 4500 | ||
|---|---|---|---|
| 001 | DLU110130666 | ||
| 005 | ##20111223 | ||
| 040 | # | # | |a DLU |b eng |
| 041 | # | # | |a eng |
| 044 | # | # | |a gw |
| 245 | # | # | |a PEDOT nanotube arrays as high performing counter electrodes for dye sensitized solar cells. Study of the interactions among electrolytes and counter electrodes / |c Roberto Trevisan ... [et al.]. |
| 653 | # | # | |a Counter electrode |
| 653 | # | # | |a Dye sensitized solar cells |
| 653 | # | # | |a Electrolyte |
| 653 | # | # | |a PEDOT nanotubes |
| 653 | # | # | |a TiO2 |
| 700 | # | # | |a Barea, Eva M. |
| 700 | # | # | |a Bisquert, Juan. |
| 700 | # | # | |a Boix, Pablo P. |
| 700 | # | # | |a Dobbelin, Markus. |
| 700 | # | # | |a Mora-Sero, Ivan. |
| 700 | # | # | |a Tena-Zaera, Ramon. |
| 700 | # | # | |a Trevisan, Roberto. |
| 773 | # | # | |t Advanced Energy Materials |g Vol. 1, no. 5 (October 2011), p. 781-784 |
| 920 | # | # | |a Phòng Tạp chí -- Trung tâm Thông tin - Thư viện Trường Đại học Đà Lạt |
| 994 | # | # | |a DLU |
| 900 | # | # | |a True |
| 911 | # | # | |a Trương Bảo Trâm Anh |
| 925 | # | # | |a G |
| 926 | # | # | |a A |
| 927 | # | # | |a BB |
| 980 | # | # | |a Thư viện Trường Đại học Đà Lạt |